| 000 | 00717nam a22002537a 4500 | ||
|---|---|---|---|
| 003 | UA-OsUOA | ||
| 001 | 23911 | ||
| 007 | ta | ||
| 008 | 20040202b un ||||| |||| 00| 0 ukr d | ||
| 100 | _aРимаренко Ю.І. | ||
| 090 |
_a321.01(075.8) _bР51 |
||
| 942 | _cBK | ||
| 040 |
_aUA-OsUOA _bukr _cUA-OsUOA _dUA-OsUOA |
||
| 245 |
_aЕтнодержавознавство: теоретико - методологічні засади _bПідручник |
||
| 300 | _a264 с. | ||
| 955 | _a0 | ||
| 041 | _aukr | ||
| 080 | _a321.01(075.8) | ||
| 020 | _a966-02-1977-6 | ||
| 260 |
_aКиїв _bКиївський університет права _c2001 |
||
| 044 | _aUA | ||
| 650 | 7 | _2UDC | |
| 999 |
_c310172 _d310172 |
||